Datum a čas kvízu
19
Celkem bodů
Celkový počet nahraných bodů na tomto kvízu bez doplňovacích otázek.
4.
Pořadí na kvízu
Konečné umístění týmu na tomto kvízu.
Zaznamenané odpovědi
| # | Otázka | Odpověď | Body | Výsledky |
|---|---|---|---|---|
| 1. | Zlidovělý výraz Andreje Babiše... | 1 | ||
| 2. | Francouzský prezident Emmanuel... | 0 | ||
| 3. | V Brně se minulý týden konal p... | 0 | ||
| 4. | Desítky nových "hackerů" ročně... | 1 | ||
| 5. | Minulý týden začala první cykl... | 0 | ||
| 6. | Košile patří k základním typům... | 1 | ||
| 7. | Dámská obdoba košile se nejčas... | 0 | ||
| 8. | Paramilitární křídlo italských... | 0 | ||
| 9. | Balada Svatební košile je souč... | 0 | ||
| 10. | Polotriko, zkráceně polo, je j... | 1 |